|
|
|
|
| LEADER |
01250nam a2200253 i 4500 |
| 003 |
GR-PaULI |
| 005 |
20210117210455.0 |
| 008 |
171006s1982 gre||||g |||| 000 0 gre d |
| 040 |
|
|
|a GR-PaULI
|b gre
|c GR-PaULI
|e AACR2
|
| 041 |
1 |
|
|a gre
|h eng
|
| 082 |
0 |
4 |
|2 23
|a 813.54
|
| 100 |
1 |
|
|9 87499
|a Bach, Richard,
|d 1936-
|e συγγραφέας
|
| 245 |
1 |
2 |
|a Ο γλάρος Ιωνάθαν /
|c Richard Bach ; Π. Α. Ζάννας ; επιμέλεια Κ. Αναγνώστης.
|
| 260 |
|
|
|a Αθήνα :
|b Λιβάνης,
|c 1982.
|
| 300 |
|
|
|a 126 σ. :
|b εικ. ;
|c 21 εκ.
|
| 490 |
1 |
|
|a Λογοτεχνία (Μυθιστόρημα-Διήγημα) / Λιβάνης
|
| 700 |
1 |
|
|9 83242
|a Ζάννας, Παναγιώτης Α.
|e μεταφραστής
|
| 700 |
1 |
|
|9 164589
|a Αναγνώστης, Κ.
|e επιμελητής
|
| 765 |
0 |
8 |
|i Μετάφραση του:
|t Jonathan Livingston Seagull astory
|
| 830 |
|
0 |
|9 164590
|a Λογοτεχνία (Μυθιστόρημα-Διήγημα) (Λιβάνης)
|
| 942 |
|
|
|2 ddc
|c BKN
|
| 952 |
|
|
|0 0
|1 0
|2 ddc
|4 0
|6 813_540000000000000_BAC
|7 0
|9 215813
|a LISP
|b LISP
|c DON
|d 2017-10-06
|e ΔΙΑ
|i 087792
|l 0
|o 813.54 BAC
|p 025000151758
|r 2017-10-06 00:00:00
|t 1
|v 2017.00
|w 2017-10-06
|y BKN
|
| 998 |
|
|
|c ΒΑΣΙΛΕΙΟΥ
|d 2017-10
|
| 999 |
|
|
|c 131051
|d 131051
|